Polskie miasta z najwyższymi Kościołami - Statystyki

Ogólne statystyki
  • Ten quiz został rozwiązany 46 razy
  • Średni wynik to 12 z 27
Statystyki odpowiedzi
Wysokość Rok ukończenia budowy Kościół % Poprawnych
82 m 1397 Kościół Mariacki.......(Kraków)
89%
82 m 1502 Bazylika Mariacka Wniebowzięcia Najświętszej Maryi Panny.......(Gdańsk)
82%
83 m 1976 Kościół Najświętszej Maryi Panny Królowej Różańca Świętego.......(Gdańsk)
82%
97 m 1272 Archikatedra św. Jana Chrzciciela.......(Wrocław)
79%
91,46 m 1535 Bazylika św. Elżbiety.......(Wrocław)
79%
80 m 1871 Kościół św. Michała Archanioła.......(Wrocław)
79%
141,5 m 2004 Bazylika Najświętszej Maryi Panny Licheńskiej ........(Licheń Stary)
74%
110,18 m ........(obecnie)119,8 m...........(przed wojną) 2008 Bazylika Archikatedralna św. Jakuba........ (Szczecin)
66%
86 m 1902 Kościół Świętych Apostołów Piotra i Pawła.......(Katowice)
61%
86 m 1897 Kościół św. Katarzyny.......(Toruń)
55%
104,5 m 1912 Archikatedra św. Stanisława Kostki.......(Łódź)
53%
80 m 1928 Kościół św. Mateusza.......(Łódź)
53%
80 m 1997 Bazylika archikatedralna Świętej Rodziny.......(Częstochowa)
47%
110,18 m 1906 Bazylika jasnogórska.........(Częstochowa)
47%
87,5 1903 Kościół Najświętszego Serca Pana Jezusa.......(Olsztyn)
37%
92 m 1911 Kościół św. Bartłomieja.......(Gliwice)
37%
95 m 1906 Bazylika św. Antoniego.......(Rybnik)
26%
97 mPrzed pożarem w 1777 ponad 100m 1247Nowej wieży z 1907 Katedra św. Mikołaja.......(Elbląg)
24%
85 m 1411 Bazylika katedralna Wniebowzięcia Najświętszej Maryi Panny.......(Włocławek)
18%
83,5 m 1900 Bazylika Matki Boskiej Anielskiej.......(Dąbrowa Górnicza)
18%
80 m 1904 Kolegiata NMP Bolesnej i św. Aniołów Stróżów.......(Wałbrzych)
18%
101,21 m 1565 Katedra św. Stanisława i św. Wacława.......(Świdnica)
8%
83,5 m 1292 Kościół Mariacki.......(Stargard)
8%
99 m 1464Wieży 1892 Kościół św. Jana.......(Stargard)
8%
90 m 1370 Kościół Macierzyństwa Najświętszej Marii Panny.......(Trzebiatów nad Regą)
5%
102,63 m 1854 Kościół Mariacki.......(Chojna)
0%
101 m 1876 Kościół parafialny Wniebowzięcia Najświętszej Maryi Panny.......(Bielawa)
0%
Nie znaleziono quizów pasujących do podanych kryteriów
Rozkład punktacji
Procent ludzi z każdym wynikiem
Percentyl według liczby udzielonych odpowiedzi
Twoja historia wyników
Nie rozwiązałeś tego quizu